Obras completas / (Record no. 66682)

MARC details
000 -LEADER
campo de control de longitud fija 01017nam a2200253 i 4500
001 - NÚMERO DE CONTROL
campo de control 66682
003 - IDENTIFICADOR DE NÚMERO DE CONTROL
campo de control ES-MaACL
005 - FECHA Y HORA DE LA ÚLTIMA TRANSACCIÓN
campo de control 20240124161617.0
007 - CAMPO FIJO DE DESCRIPCIÓN FÍSICA--INFORMACIÓN GENERAL
campo de control de longitud fija t|
008 - DATOS DE LONGITUD FIJA--INFORMACIÓN GENERAL
campo de control de longitud fija 040318m20022003sp ||||1| spa d
080 ## - NÚMERO DE LA CLASIFICACIÓN DECIMAL UNIVERSAL
Número de la Clasificación Decimal Universal 821.112.21-82"19"
100 0# - ENTRADA PRINCIPAL--NOMBRE DE PERSONA
Nombre de persona Canetti, Elias,
Fechas asociadas al nombre 1905-1994
9 (RLIN) 34493
245 10 - MENCIÓN DEL TÍTULO
Título Obras completas /
Mención de responsabilidad, etc. Elias Canetti ; edición dirigida por Juan José del Solar.
250 ## - MENCION DE EDICION
Mención de edición 1ª ed.
260 ## - PUBLICACIÓN, DISTRIBUCIÓN, ETC.
Lugar de publicación, distribución, etc. Barcelona :
Nombre del editor, distribuidor, etc. Círculo de Lectores :
-- Galaxia Gutenberg,
Fecha de publicación, distribución, etc. <2002-2003>
300 ## - DESCRIPCIÓN FÍSICA
Extensión v. <1-3> ;
Dimensiones 21 cm.
505 8# - NOTA DE CONTENIDO CON FORMATO
Nota de contenido con formato Contiene: v. 1. Masa y poder -- v. 2. Historia de una vida : La lengua salvada, La antorcha al oído, El juego de ojos -- v. 3. La escuela del buen oír : Auto de fe, El testigo oidor, Las voces de Marrakesch-- v.4. Apuntes (1942-1993)
700 1# - ENTRADA AGREGADA--NOMBRE PERSONAL
Nombre de persona Solar, Juan José del,
Fechas asociadas al nombre 1946-
9 (RLIN) 107098
740 0# - ENTRADA AGREGADA--TÍTULO RELACIONADO/ANALÍTICO NO CONTROLADO
Título relacionado o analítico no controlado Masa y poder.
740 0# - ENTRADA AGREGADA--TÍTULO RELACIONADO/ANALÍTICO NO CONTROLADO
Título relacionado o analítico no controlado Historia de una vida.
740 3# - ENTRADA AGREGADA--TÍTULO RELACIONADO/ANALÍTICO NO CONTROLADO
Título relacionado o analítico no controlado La escuela del buen oír.
852 ## - LOCALIZACIÓN
Ubicación ES-MaACL
Número de control de estantería P-1976
Sublocalización o colección R.133516
Holdings
Estatus retirado Estado de pérdida Estado de daño No para préstamo Biblioteca de origen Biblioteca actual Ubicación en estantería Fecha de adquisición Fuente de adquisición Total de préstamos Signatura topográfica completa Código de barras Visto por última vez Precio de reemplazo Tipo de ítem Koha
        Biblioteca del Ateneo de Madrid Biblioteca del Ateneo de Madrid Depósito 2 17/01/2008     P-1976 1069847 23/02/2023 23/02/2023 Libro impreso